000 00475nam a2200133Ia 4500
008 170516s9999 xx 000 0 und d
245 2 _aA semiautomatic tool for prostate segmentation in radiotherapy treatment planning
260 _bBMC Medical Imaging
260 _c2014
300 _a14:
650 _xMedical Technology
650 _xMedtech
856 _uhttp://bmcmedimaging.biomedcentral.com/articles?tab=keyword&searchType=journalSearch&sort=PubDate&volume=14&page=2
999 _c329939
_d329939